Dans quel film Disney peut-on entendre ces chansons ? 3 - Statistiques

Statistiques générales
  • Ce quiz a été pris 192 fois
  • Le résultat moyen est 9 sur 15
Statistiques - réponses
Question Réponse % Correct
Oh, Chantons la naissance d'une étoile ! Une Superstar ! Célébrons la victoire colossale, D'une Superstar ! Hercule
97%
La vie d'un pirate, A bord d'une frégate, C'est la plus belle des vies. On dilate sa rate Quand on est pirate Oui, on rit dans la piraterie ! Peter Pan
97%
Non, non, non, non, non, non, non, Quelqu'un m'attend Vraiment, c'est important ! Je n'ai pas le temps de dire au revoir Je suis en retard, en retard. Alice au pays des merveilles
92%
Rêve ta vie en couleurs, C'est le secret du bonheur ! Rêve que tu as des ailes, Hirondelle ou tourterelle Et là-haut dans le ciel, Tu t'envoles, Tu t'envoles, Tu t'envoles ! Peter Pan
92%
On est siamois de père en fils. On est siamois, qu'on se le dise ... On va vivre ensemble sous le même toit Car ce qui est à toi est aussi à moi ! La Belle et le Clochard
89%
Même dans tes haillons, Tu as la grâce d'un papillon, L'air d'une Princesse, Sous une tresse de cheveux blonds. Cendrillon
72%
C'est eux ! C'est eux ! Ils viennent à la queue leu leu ! Rataplan, Voici les éléphants ! Çà y est, c'est clair, Oui cette fois c'est la guerre. Dumbo
67%
J'ai souvent rêvé, D'un lointain pays, Où tous les gens m'aimeraient comme, Le plus précieux des amis. Hercule
58%
Perdue en mer sans un ami, Mon voyage est déjà fini. Qui veut me sauver ? Me sauver ... Bernard et Bianca
50%
Je danse sous une pluie d'étoiles. Tu es ce que j'attendais, Tu es mon rêve fou ! Cendrillon
47%
Je chante pour toi Avec l'espoir qu'un jour Ton coeur rempli d'amour Saura me faire la cour. Bambi
39%
ays du merveilleux Joli pays des oiseaux bleus Où les enfants peuvent aller Rien qu'en fermant les yeux Alice au pays des merveilles
36%
L'Amour est un chant éternel Qui fait tourner le monde. Chaque jour, sa musique est un soleil Qui éclaire nos coeurs. Bambi
36%
Silencieux, les flocons tombent la nuit. Au lit, les enfants sont endormis. Et le monde est paisible et doux, Et le monde est un peu moins fou. La Belle et le Clochard
25%
On va repeindre en rose, les nuages, On va essuyer les pleurs, Les gouttes de pluie sur les fleurs, Sur les fleurs ... Bernard et Bianca
3%
Aucun quiz correspondant
Distribution des résultats
% des personnes avec chaque résultat
Percentile par nombre de réponses
Votre historique - résultats
Vous n’avez pas pris ce quiz